<?xml version="1.0" encoding="UTF-8"?>
<record
    xmlns:xsi="http://www.w3.org/2001/XMLSchema-instance"
    xsi:schemaLocation="http://www.loc.gov/MARC21/slim http://www.loc.gov/standards/marcxml/schema/MARC21slim.xsd"
    xmlns="http://www.loc.gov/MARC21/slim">

  <leader>01928cam a2200349 a 4500</leader>
  <controlfield tag="001">2600956</controlfield>
  <controlfield tag="003">OSt</controlfield>
  <controlfield tag="005">20210414113910.0</controlfield>
  <controlfield tag="008">980817s1998    txua     b    001 0 eng  </controlfield>
  <datafield tag="010" ind1=" " ind2=" ">
    <subfield code="a">   97066401 </subfield>
  </datafield>
  <datafield tag="020" ind1=" " ind2=" ">
    <subfield code="a">003024594X</subfield>
  </datafield>
  <datafield tag="040" ind1=" " ind2=" ">
    <subfield code="a">DLC</subfield>
    <subfield code="c">DLC</subfield>
    <subfield code="d">DLC</subfield>
  </datafield>
  <datafield tag="043" ind1=" " ind2=" ">
    <subfield code="a">n-us---</subfield>
  </datafield>
  <datafield tag="050" ind1="0" ind2="0">
    <subfield code="a">HB615.K87 </subfield>
  </datafield>
  <datafield tag="082" ind1="0" ind2="0">
    <subfield code="a">658.4/21</subfield>
    <subfield code="2">21</subfield>
  </datafield>
  <datafield tag="100" ind1="1" ind2=" ">
    <subfield code="a">Kuratko, Donald F.</subfield>
  </datafield>
  <datafield tag="245" ind1="1" ind2="0">
    <subfield code="a">Entrepreneurship :</subfield>
    <subfield code="b">a contemporary approach /</subfield>
    <subfield code="c">Donald F. Kuratko, Richard M. Hodgetts.</subfield>
  </datafield>
  <datafield tag="250" ind1=" " ind2=" ">
    <subfield code="a">4th ed.</subfield>
  </datafield>
  <datafield tag="260" ind1=" " ind2=" ">
    <subfield code="a">Fort Worth :</subfield>
    <subfield code="b">Dryden Press,</subfield>
    <subfield code="c">c1998.</subfield>
  </datafield>
  <datafield tag="300" ind1=" " ind2=" ">
    <subfield code="a">xix, 701 p.:</subfield>
    <subfield code="b">ill.; </subfield>
    <subfield code="c">27cm.</subfield>
  </datafield>
  <datafield tag="440" ind1=" " ind2="4">
    <subfield code="a">The Dryden Press series in entrepreneurship</subfield>
  </datafield>
  <datafield tag="504" ind1=" " ind2=" ">
    <subfield code="a">Includes bibliographical references and indexes.</subfield>
  </datafield>
  <datafield tag="505" ind1=" " ind2=" ">
    <subfield code="a">Contents: The Entreprenuerial revolution -- Entreprenuership:  An Evolving concept -- Intrapreneurship: Developing entreprenurship in the coperation entrepreneurial case analysis. -- Understanding the enterpreneurial perspective in individuals -- Developing creativity and understanding innovation -- Ethical and social responsibility challenges for entreprenuers -- Environmental assessment : Preparation for a new venture -- Marketing reserach for new ventures -- Marketing reserach for new ventures -- Financial preparation for entrepreneurial ventures -- Developing an effective business plan -- Assessment and evaluation of entrepreneurial opportunities -- Structuring the new business ventures -- Sources of capital formation for entrepreneurs. </subfield>
  </datafield>
  <datafield tag="650" ind1=" " ind2="0">
    <subfield code="a">Entrepreneurship</subfield>
    <subfield code="z">United States.</subfield>
  </datafield>
  <datafield tag="650" ind1=" " ind2="0">
    <subfield code="a">New business enterprises</subfield>
    <subfield code="z">United States.</subfield>
  </datafield>
  <datafield tag="650" ind1=" " ind2="0">
    <subfield code="a">Small business</subfield>
    <subfield code="z">United States.</subfield>
  </datafield>
  <datafield tag="700" ind1="1" ind2=" ">
    <subfield code="a">Hodgetts, Richard M.</subfield>
  </datafield>
  <datafield tag="856" ind1="7" ind2=" ">
    <subfield code="3">Table of contents</subfield>
    <subfield code="u">http://lcweb.loc.gov/catdir/toc/97-66401.html</subfield>
    <subfield code="2">http</subfield>
  </datafield>
  <datafield tag="906" ind1=" " ind2=" ">
    <subfield code="a">7</subfield>
    <subfield code="b">cbc</subfield>
    <subfield code="c">orignew</subfield>
    <subfield code="d">2</subfield>
    <subfield code="e">opcn</subfield>
    <subfield code="f">19</subfield>
    <subfield code="g">y-gencatlg</subfield>
  </datafield>
  <datafield tag="942" ind1=" " ind2=" ">
    <subfield code="2">lcc</subfield>
    <subfield code="c">BK</subfield>
  </datafield>
  <datafield tag="999" ind1=" " ind2=" ">
    <subfield code="c">473</subfield>
    <subfield code="d">7973</subfield>
  </datafield>
  <datafield tag="952" ind1=" " ind2=" ">
    <subfield code="0">0</subfield>
    <subfield code="1">0</subfield>
    <subfield code="2">lcc</subfield>
    <subfield code="4">0</subfield>
    <subfield code="7">0</subfield>
    <subfield code="a">WIUC-1</subfield>
    <subfield code="b">WIUC-1</subfield>
    <subfield code="c">GEN</subfield>
    <subfield code="d">2012-01-25</subfield>
    <subfield code="l">0</subfield>
    <subfield code="o">HB615.K87</subfield>
    <subfield code="p">1092/11</subfield>
    <subfield code="r">2012-01-25 00:00:00</subfield>
    <subfield code="t">1</subfield>
    <subfield code="w">2012-01-25</subfield>
    <subfield code="y">BK</subfield>
  </datafield>
  <datafield tag="952" ind1=" " ind2=" ">
    <subfield code="0">0</subfield>
    <subfield code="1">0</subfield>
    <subfield code="2">lcc</subfield>
    <subfield code="4">0</subfield>
    <subfield code="7">0</subfield>
    <subfield code="a">WIUC-1</subfield>
    <subfield code="b">WIUC-1</subfield>
    <subfield code="c">GEN</subfield>
    <subfield code="d">2012-01-25</subfield>
    <subfield code="l">0</subfield>
    <subfield code="o">HB615.K871</subfield>
    <subfield code="p">1093/11</subfield>
    <subfield code="r">2012-01-25 00:00:00</subfield>
    <subfield code="t">2</subfield>
    <subfield code="w">2012-01-25</subfield>
    <subfield code="y">BK</subfield>
  </datafield>
  <datafield tag="952" ind1=" " ind2=" ">
    <subfield code="0">0</subfield>
    <subfield code="1">0</subfield>
    <subfield code="2">lcc</subfield>
    <subfield code="4">0</subfield>
    <subfield code="7">0</subfield>
    <subfield code="a">WIUC-1</subfield>
    <subfield code="b">WIUC-1</subfield>
    <subfield code="c">GEN</subfield>
    <subfield code="d">2012-01-25</subfield>
    <subfield code="l">0</subfield>
    <subfield code="o">HB615.K872</subfield>
    <subfield code="p">1094/11</subfield>
    <subfield code="r">2012-01-25 00:00:00</subfield>
    <subfield code="t">3</subfield>
    <subfield code="w">2012-01-25</subfield>
    <subfield code="y">BK</subfield>
  </datafield>
</record>
